000 00690cam a2200241ua 4500
001 10101
005 20260515114552.0
008 170330n ii |||gr||||Z||||||asm
020 _a9789381784730
040 _cMAIN
041 _aasm
082 _a371.3
100 _aChaliha, Beda Kumar,
_eAuthor.
245 _aShikshadanor kaushal aru paddhati
_cBy Beda Kumar Chaliha, Tarun Saikia and Runu Bora Saikia
250 _a4th ed.
260 _aJorhat:
_bBidya bhawan,
_c2016.
300 _a274p.
653 _aSchools & their activities special education
653 _aMethods of teaching
700 _aSaikia, Tarun,
_eAuthor.
700 _aSaikia, Runu Bora,
_eAuthor.
942 _cBK
999 _c9092
_d9092